00361pab a2200121 454500008004000000100001600040245008700056260000900143300001300152362001200165650001500177773004700192180718b2011 xxu||||| |||| 00| 0 eng d aAhuja, Y.L. aFaculty and trainer motivation and effectiveness in global competitive environment c2011 ap.29-43. aJul-Sep aMotivation aIndian Journal of Training and Development